[Event "14th EUR-ch"]
[Site "Minsk BLR"]
[Date "2017.06.10"]
[Round "11.91"]
[White "Santos Latasa, Jaime"]
[Black "Erdogdu, Mert"]
[Result "1/2-1/2"]
[WhiteElo "2567"]
[BlackElo "2448"]
[EventDate "2017.05.30"]
[PlyCount "81"]

1.e4 d5 2.exd5 Qxd5 3.Nc3 Qd6 4.d4 Nf6 5.Nf3 c6 6.g3 Bg4 7.Bg2 e6 8.O-O 
Be7 9.h3 Bxf3 10.Bxf3 O-O 11.Ne2 Nbd7 12.c3 Qc7 13.Bg2 Rad8 14.Qc2 Rfe8 
15.Re1 Bf8 16.Bd2 g6 17.Rad1 Bg7 18.Bf4 Qb6 19.c4 e5 20.Be3 Qc7 21.b3 a5 
22.dxe5 Nxe5 23.Rxd8 Rxd8 24.Rd1 Bf8 25.Bf4 Rxd1+ 26.Qxd1 Bc5 27.g4 Nfd7 
28.Ng3 Qd6 29.Qe2 Qd3 30.Be4 Qc3 31.Kg2 a4 32.Qc2 Qd4 33.Qd2 Qa1 34.b4 Bd4
35.Ne2 Bb2 36.g5 Qxa2 37.Bxe5 Nxe5 38.Qd8+ Kg7 39.Qf6+ Kg8 40.Qd8+ Kg7 41.
Qf6+ 1/2-1/2

[Event "14th EUR-ch"]
[Site "Minsk BLR"]
[Date "2017.06.10"]
[Round "11.96"]
[White "Djukic, Nikola"]
[Black "Elistratov, Semen"]
[Result "1/2-1/2"]
[WhiteElo "2526"]
[BlackElo "2417"]
[EventDate "2017.05.30"]
[PlyCount "133"]

1.e4 c5 2.Nf3 d6 3.d4 cxd4 4.Nxd4 Nf6 5.Nc3 a6 6.g3 g6 7.Bg2 Bg7 8.O-O O-O
9.h3 Bd7 10.Be3 Nc6 11.Nde2 Qc8 12.Kh2 Ne5 13.Bg5 Bc6 14.Nd5 Nxd5 15.exd5 
Bd7 16.b3 Re8 17.Be3 Bg4 18.hxg4 Nxg4+ 19.Kg1 Nxe3 20.fxe3 Bxa1 21.Qxa1 
Qxc2 22.Nd4 Qd2 23.Qe1 Qxe1 24.Rxe1 Rac8 25.Bh3 Rc5 26.e4 h5 27.Kf2 Kg7 
28.Re2 Rh8 29.Nf3 Rc3 30.e5 dxe5 31.Rxe5 Rc2+ 32.Ke3 Kf6 33.Re4 Rxa2 34.
Ne5 Ra3 35.Kd4 Kg7 36.Re3 Ra1 37.Nd3 Rh1 38.Bd7 h4 39.gxh4 R8xh4+ 40.Kc5 
Kf8 41.Kb6 Rb1 42.Nc5 Rb4+ 43.Ka5 Rd4 44.Bc6 bxc6 45.dxc6 Rc1 46.Re5 Rd6 
47.Kb6 f6 48.Re4 a5 49.Ra4 g5 50.Rxa5 g4 51.Kb7 Rxc6 52.Kxc6 Kf7 53.Ra2 f5
54.Kd5 Kf6 55.b4 Rd1+ 56.Kc6 Rb1 57.b5 f4 58.b6 g3 59.b7 Kf5 60.Ra5 Rxb7 
61.Nxb7+ Kg4 62.Nc5 f3 63.Nd3 f2 64.Ra1 Kf3 65.Kd5 g2 66.Nxf2 Kxf2 67.Ke6 
1/2-1/2